Finding our sea-legs: ethics, experience and the ocean of stories (Record no. 63861)

MARC details
000 -LEADER
fixed length control field 02250nam a2200265 a 4500
008 - FIXED-LENGTH DATA ELEMENTS--GENERAL INFORMATION
fixed length control field 190520s2009 ||||||||||||||||| || u
020 ## - INTERNATIONAL STANDARD BOOK NUMBER
International Standard Book Number 9781899999484
050 ## - LIBRARY OF CONGRESS CALL NUMBER
Classification number BJ 1012 Buc
100 ## - MAIN ENTRY--PERSONAL NAME
Personal name Buckingham, Will
245 10 - TITLE STATEMENT
Title Finding our sea-legs: ethics, experience and the ocean of stories
Statement of responsibility, etc. By Will Buckingham
260 ## - PUBLICATION, DISTRIBUTION, ETC.
Place of publication, distribution, etc. Kingston
Name of publisher, distributor, etc. Kingston University Press
Date of publication, distribution, etc. 2009
300 ## - PHYSICAL DESCRIPTION
Extent xiii, 161 pages
650 #0 - SUBJECT ADDED ENTRY--TOPICAL TERM
Topical term or geographic name entry element ETHICS
650 ## - SUBJECT ADDED ENTRY--TOPICAL TERM
Topical term or geographic name entry element STORYTELLING--MORAL AND ETHICAL ASPECTS
995 ## -
-- MAIN LIBRARY OPEN ACCESS
-- 749138
-- CBU-MAIN LIBRARY (Kitwe)
-- 689.91
-- BJ 1012 Buc
-- 1
-- AVAILABLE
-- May 21, 2019
-- 749138
-- Main Library Open Access Collection
995 ## -
-- MEDICAL LIBRARY OPEN ACCESS
-- 904241
-- CBU-SCHOOL OF MEDICINE LIBRARY (Ndola)
-- BJ 1012 Buc
-- 9
-- AVAILABLE
-- Jun 25, 2019
-- 904241
-- Medical Library Open Access Collection
995 ## -
-- MAIN LIBRARY OPEN ACCESS
-- 749186
-- CBU-MAIN LIBRARY (Kitwe)
-- 689.91
-- BJ 1012 Buc
-- 4
-- AVAILABLE
-- May 21, 2019
-- 749186
-- Main Library Open Access Collection
995 ## -
-- KAPASA MAKASA LIBRARY OPEN ACCESS
-- 749241
-- CBU-KAPASA MAKASA LIBRARY (Chinsali)
-- BJ 1012 Buc
-- 5
-- AVAILABLE
-- May 29, 2019
-- 749241
-- Kapasa Makasa Library Open Acess Collection
995 ## -
-- MEDICAL LIBRARY OPEN ACCESS
-- 904239
-- CBU-SCHOOL OF MEDICINE LIBRARY (Ndola)
-- BJ 1012 Buc
-- 7
-- AVAILABLE
-- Jun 25, 2019
-- 904239
-- Medical Library Open Access Collection
995 ## -
-- KAPASA MAKASA LIBRARY OPEN ACCESS
-- 749242
-- CBU-KAPASA MAKASA LIBRARY (Chinsali)
-- BJ 1012 Buc
-- 6
-- AVAILABLE
-- May 29, 2019
-- 749242
-- Kapasa Makasa Library Open Acess Collection
995 ## -
-- MEDICAL LIBRARY OPEN ACCESS
-- 904240
-- CBU-SCHOOL OF MEDICINE LIBRARY (Ndola)
-- BJ 1012 Buc
-- 8
-- AVAILABLE
-- Jun 25, 2019
-- 904240
-- Medical Library Open Access Collection
995 ## -
-- ANNEX COLLECTION (Main Library)
-- 749140
-- CBU-MAIN LIBRARY (Kitwe)
-- 689.91
-- BJ 1012 Buc
-- 3
-- AVAILABLE
-- May 21, 2019
-- 749140
-- Annex Low-Usage Collection
995 ## -
-- MEDICAL LIBRARY OPEN ACCESS
-- 904242
-- CBU-SCHOOL OF MEDICINE LIBRARY (Ndola)
-- BJ 1012 Buc
-- 10
-- AVAILABLE
-- Jun 25, 2019
-- 904242
-- Medical Library Open Access Collection
995 ## -
-- MAIN LIBRARY OPEN ACCESS
-- 749139
-- CBU-MAIN LIBRARY (Kitwe)
-- 689.91
-- BJ 1012 Buc
-- 2
-- AVAILABLE
-- May 21, 2019
-- 749139
-- Main Library Open Access Collection
999 ## -
-- 63861
-- 63861

No items available.